[Event "Vellmar op 9th"]
[Site "Vellmar"]
[Date "2017.07.16"]
[Round "7"]
[White "Beyer, Nils"]
[Black "Domroese, Michael"]
[Result "1/2-1/2"]
[WhiteElo "1807"]
[BlackElo "1842"]
[PlyCount "117"]
[EventDate "2017.07.13"]
[EventType "swiss"]
[EventRounds "7"]
[EventCountry "GER"]
[SourceTitle "CBM 179 Extra"]
[Source "ChessBase"]
[SourceDate "2017.08.23"]
[SourceVersion "1"]
[SourceVersionDate "2017.08.23"]
[SourceQuality "1"]

1. d4 c5 2. d5 d6 3. c4 g6 4. g3 Bg7 5. Bg2 Nf6 6. Nc3 0-0 7. Nf3 e6 8. 0-0 exd5 9. cxd5 Bf5 10. Nd2 Qd7 11. Re1 Re8 12. a4 Na6 13. e4 Bh3 14. Bh1 Ng4 15. Nb5 Nb4 16. Nc4 Bf8 17. Bf4 Ne5 18. Nxe5 dxe5 19. Be3 a6 20. Na3 b5 21. Nc2 c4 22. Nxb4 Bxb4 23. Re2 Bg4 24. f3 Bh3 25. Bd2 Qa7+ 26. Be3 Bc5 27. Qd2 Qb6 28. f4 Rad8 29. axb5 axb5 30. Bxc5 Qxc5+ 31. Qe3 Qxe3+ 32. Rxe3 exf4 33. gxf4 Rxd5 34. Rxh3 Rd2 35. b3 Rc2 36. bxc4 bxc4 37. Rha3 Kg7 38. R3a2 Rc3 39. e5 Rd8 40. Ra3 Rc2 41. Be4 Re2 42. Bf3 Rc2 43. R1a2 Rc1+ 44. Kf2 c3 45. Ra1 Rd2+ 46. Ke3 Rcc2 47. Bd1 Rb2 48. Rxc3 Rxh2 49. Bf3 Rb4 50. f5 Rb5 51. f6+ Kh6 52. Kf4 Rh4+ 53. Kg3 g5 54. Re3 Rbb4 55. Rh1 Rxh1 56. Bxh1 Rf4 57. e6 fxe6 58. Rxe6 Kg6 59. Bc6 1/2-1/2

[Event "Vellmar op 9th"]
[Site "Vellmar"]
[Date "2017.07.14"]
[Round "3"]
[White "Beyer, Nils"]
[Black "Knoth, Eugen"]
[Result "1/2-1/2"]
[WhiteElo "1807"]
[BlackElo "1936"]
[PlyCount "117"]
[EventDate "2017.07.13"]
[EventType "swiss"]
[EventRounds "7"]
[EventCountry "GER"]
[SourceTitle "CBM 179 Extra"]
[Source "ChessBase"]
[SourceDate "2017.08.23"]
[SourceVersion "1"]
[SourceVersionDate "2017.08.23"]
[SourceQuality "1"]

1. d4 f5 2. e4 fxe4 3. f3 Nf6 4. Nc3 d5 5. Bg5 Nc6 6. fxe4 dxe4 7. d5 Ne5 8. Qd4 Nf7 9. Bb5+ Bd7 10. Bxf6 exf6 11. Qxe4+ Qe7 12. Bxd7+ Kxd7 13. 0-0-0 Qxe4 14. Nxe4 Re8 15. Nc3 Bb4 16. Nge2 Nd6 17. a3 Bxc3 18. Nxc3 Ne4 19. Nxe4 Rxe4 20. Rd2 Rhe8 21. Rhd1 Kd6 22. b3 b5 23. Rd4 Rxd4 24. Rxd4 Re5 25. c4 bxc4 26. Rxc4 Rxd5 27. Ra4 a5 28. b4 axb4 29. Rxb4 h5 30. Kc2 Rg5 31. g3 Rf5 32. a4 g5 33. Kb3 Rf1 34. Kc4 Kc6 35. Kd4 Kd6 36. Kc4 Ra1 37. Kb5 c5 38. Rb2 c4 39. Rd2+ Kc7 40. Rc2 Re1 41. Rxc4+ Kb7 42. a5 Rb1+ 43. Rb4 Re1 44. Ra4 Re5+ 45. Kb4 Ka6 46. Ra2 Re4+ 47. Kc3 h4 48. Kd3 Rg4 49. gxh4 Rxh4 50. Ke3 f5 51. Kf3 Rh3+ 52. Kg2 Rb3 53. Ra4 Rb5 54. h4 gxh4 55. Kh3 Rxa5 56. Rxa5+ Kxa5 57. Kxh4 Kb5 58. Kg5 Kc5 59. Kxf5 1/2-1/2

[Event "Korbach op 8th"]
[Site "Korbach"]
[Date "2016.10.23"]
[Round "6"]
[White "Beyer, Nils"]
[Black "Osinga, Angelique"]
[Result "0-1"]
[WhiteElo "1828"]
[BlackElo "1887"]
[PlyCount "78"]
[EventDate "2016.10.20"]
[EventType "swiss"]
[EventRounds "7"]
[EventCountry "GER"]
[SourceTitle "CBM 175 Extra"]
[Source "ChessBase"]
[SourceDate "2016.12.12"]
[SourceVersion "1"]
[SourceVersionDate "2016.12.12"]
[SourceQuality "1"]

1. d4 Nf6 2. c4 e5 3. dxe5 Ng4 4. Bf4 g5 5. Bg3 Bg7 6. Nf3 Nc6 7. e3 Ngxe5 8. Nxe5 Nxe5 9. Nc3 d6 10. Be2 Be6 11. Qb3 Qc8 12. f4 gxf4 13. exf4 Nc6 14. Qb5 h6 15. 0-0 a6 16. Qa4 h5 17. Bf3 Bd7 18. Rfe1+ Kf8 19. Bh4 Ne5 20. Qd1 Ng6 21. Bf2 Nxf4 22. Bd4 Ne6 23. Bxg7+ Nxg7 24. Nd5 Qd8 25. Qd4 Rh6 26. c5 Nf5 27. Qb4 Rb8 28. cxd6 cxd6 29. Rad1 Qh4 30. Nb6 Qxb4 31. Nxd7+ Kg7 32. Nxb8 Qc5+ 33. Kh1 Qc8 34. Rd5 Nh4 35. Bxh5 Rxh5 36. Rxh5 Qg4 37. Rxh4 Qxh4 38. Re8 Qa4 39. Re3 Qd1+ 0-1

[Event "Vellmar op 8th"]
[Site "Vellmar"]
[Date "2016.07.29"]
[Round "3"]
[White "Beyer, Nils"]
[Black "Mao, Yvonne"]
[Result "1/2-1/2"]
[WhiteElo "1875"]
[BlackElo "1733"]
[PlyCount "127"]
[EventDate "2016.07.28"]
[EventType "swiss"]
[EventRounds "7"]
[EventCountry "GER"]
[SourceTitle "CBM 173 Extra"]
[Source "ChessBase"]
[SourceDate "2016.08.29"]
[SourceVersion "1"]
[SourceVersionDate "2016.08.29"]
[SourceQuality "1"]

1. d4 Nf6 2. c4 c5 3. d5 b5 4. cxb5 a6 5. bxa6 Bxa6 6. Nc3 d6 7. Nf3 g6 8. g3 Bg7 9. Bg2 Nbd7 10. Rb1 0-0 11. 0-0 Qa5 12. Bd2 Rfb8 13. b3 Ng4 14. h3 Nxf2 15. Rxf2 Bxc3 16. Qc2 Bxd2 17. Nxd2 Nf6 18. a4 Rb4 19. Ra1 Rab8 20. e3 Nd7 21. Rf4 Ne5 22. Rxb4 Qxb4 23. Bf1 Bb7 24. Bg2 Nd7 25. Kh2 Nf6 26. e4 Qd4 27. Rc1 Ba6 28. Qc3 Rb4 29. Qxd4 Rxd4 30. Rc2 Bd3 31. Ra2 Nxe4 32. Bxe4 Bxe4 33. Nxe4 Rxe4 34. Kg2 Kg7 35. Kf3 Rb4 36. Ra3 Kf6 37. a5 Rb7 38. Ke4 g5 39. Kd3 Ke5 40. a6 Ra7 41. Kc4 Ra8 42. Kb5 Kxd5 43. Kb6 e5 44. Kb7 Re8 45. a7 e4 46. a8Q Rxa8 47. Rxa8 e3 48. Re8 Kd4 49. Kc6 d5 50. Rd8 e2 51. Rxd5+ Ke4 52. Rd7 f5 53. Kxc5 f4 54. Re7+ Kf3 55. gxf4 gxf4 56. b4 Kf2 57. Kd4 f3 58. b5 e1Q 59. Rxe1 Kxe1 60. b6 f2 61. b7 f1Q 62. b8Q Qf2+ 63. Kc4 Qe2+ 64. Kd4 1/2-1/2